| 000 | 00777cam a22002531 4500 | ||
|---|---|---|---|
| 001 | sa 68019073 | ||
| 003 | DLC | ||
| 005 | 20260227112716.0 | ||
| 008 | 890118m19579999pk b 000 0 pan | ||
| 010 | _asa 68019073 | ||
| 025 | _aPL480:P-P13 | ||
| 035 | _a(OCoLC)19033484 | ||
| 040 |
_aDLC _cWaU _dWaU _dOCoLC _dDLC |
||
| 042 | _apremarc | ||
| 050 | 0 | 0 |
_aPK2631 _b.B3 1957 |
| 100 | 1 |
_aBāqir, Muḥammad, _d1910- _eed. |
|
| 245 | 1 | 0 |
_aPanjābī qiṣṣe Fārsī zabān meṇ, _cbi-ihtimām-i Muḥammad Bāqir. |
| 250 | _a[Bar-i 1] | ||
| 260 |
_aLāhūr, _c1957-<1960> |
||
| 300 |
_av. <1-2> _c25 cm. |
||
| 440 | 0 |
_aIntishārāt-i Panjābī Adabī Akādimī ; _v1 |
|
| 504 | _aBibliography: v. 1, p. [267]-271. | ||
| 650 | 0 |
_aPanjabi language _xForeign elements, Persian. |
|
| 999 |
_c88805 _d88805 |
||